00671naa#a2200169#i#4500001001400000005001700014011001400031100004100045101000800086102000700094200010900101210016900210215001000379608004500389700005200434856001500486RU\\bibl\834820260416210108.4##a2308-8877##a20151210b2015####ek#y0rusy0150####ca0#aRUS##aRU1#aМоделирование состoяния льдов AрктикиeЖурнальная статья1#aВоронежcВоронежский государственный лесотехнический университет имени Г.Ф. Морозоваd2015##a3 с.##aЖурнальная статья2local#1aЗеленинаgЛариса Ивановна4#anaukaru.ru